Normal view
MARC view
- التاليف العلمي-مصر-الشام-العصر المملوكي الاول
Entry Topical Term
001 - CONTROL NUMBER
- control field: 43180
003 - CONTROL NUMBER IDENTIFIER
- control field: JO-AjAnu
005 - DATE AND TIME OF LATEST TRANSACTION
- control field: 20230606081147.0
008 - FIXED-LENGTH DATA ELEMENTS
- fixed length control field: 230606|| aca||aabn | a|a d
040 ## - CATALOGING SOURCE
- Original cataloging agency: JO-AjAnu
- Transcribing agency: JO-AjAnu
150 ## - HEADING--TOPICAL TERM
- Topical term or geographic name entry element: التاليف العلمي-مصر-الشام-العصر المملوكي الاول
670 ## - SOURCE DATA FOUND
- Source citation: Work cat.: (JO-AjAnu)22113: العطاري ، جلال يوسف , author 43179, حركة التاليف العلمي في مصر والشام قي العصر المملوكي الاول